000 00452nam a2200169Ia 4500
008 230718s9999 xx 000 0 und d
020 _a9788177584172
041 _aeng
082 _a621.382
_bGAR
100 _aGarg V.K.
_9109335
245 _aIS-95 CDMA And Cdma 2000
_bCellular/PCS Systems Implementation
260 _c2006
_bPearson
300 _a423
365 _cRs.
_b310.00
700 _aGarg V.K.
_9109335
906 _d1249/23.8.06
_cETC
_b62
999 _c314487
_d314487